Race relations in the United States: material publ. 1980 - 1984
| 1. VerfasserIn: | |
|---|---|
| Medienart: | Druck Buch |
| Sprache: | Englisch |
| Veröffentlicht: |
Monticello, Ill.
Vance Bibliographies
1985
|
| In: |
Public administration series (1702)
Jahr: 1985 |
| Bestand in Tübingen: | In Tübingen vorhanden. UB: KB 7 E 584 |
| Verfügbarkeit prüfen: | HBZ Gateway |
| Subito Bestelldienst: | Jetzt bestellen. |
| Schlagwörter: |
MARC
| LEADER | 00000cam a2200000 c 4500 | ||
|---|---|---|---|
| 001 | 271869534 | ||
| 003 | DE-627 | ||
| 005 | 20220512120134.0 | ||
| 007 | tu | ||
| 008 | 990101s1985 xx ||||| b 00| ||eng c | ||
| 020 | |a 0890284520 |9 0-89028-452-0 | ||
| 035 | |a (DE-627)271869534 | ||
| 035 | |a (DE-576)020947682 | ||
| 035 | |a (DE-599)GBV271869534 | ||
| 035 | |a (OCoLC)246691082 | ||
| 035 | |a (OCoLC)246691082 | ||
| 040 | |a DE-627 |b ger |c DE-627 |e rakwb | ||
| 041 | |a eng | ||
| 100 | 1 | |a Vance, Mary |4 aut | |
| 245 | 1 | 0 | |a Race relations in the United States |b material publ. 1980 - 1984 |
| 264 | 1 | |a Monticello, Ill. |b Vance Bibliographies |c 1985 | |
| 300 | |a 27 S. | ||
| 336 | |a Text |b txt |2 rdacontent | ||
| 337 | |a ohne Hilfsmittel zu benutzen |b n |2 rdamedia | ||
| 338 | |a Band |b nc |2 rdacarrier | ||
| 490 | 1 | |a Public administration series |a Bibliography |v 1702 | |
| 583 | 1 | |a Archivierung prüfen |c 20200919 |f DE-640 |z 2 |2 pdager | |
| 655 | 7 | |a Bibliografie |0 (DE-588)4006432-3 |0 (DE-627)104814519 |0 (DE-576)208865578 |2 gnd-content | |
| 830 | 0 | |a Public administration series |v 1702 |9 1702 |w (DE-627)130744360 |w (DE-576)007930119 |w (DE-600)987018-0 |x 0193-970X |7 am | |
| 935 | |h GBV |i Tpn3090pruef | ||
| 951 | |a BO | ||
| ELC | |b 1 | ||
| LOK | |0 000 xxxxxcx a22 zn 4500 | ||
| LOK | |0 001 3340516499 | ||
| LOK | |0 003 DE-627 | ||
| LOK | |0 004 271869534 | ||
| LOK | |0 005 19900710000000 | ||
| LOK | |0 008 900710||||||||||||||||ger||||||| | ||
| LOK | |0 040 |a DE-21 |c DE-627 |d DE-21 | ||
| LOK | |0 852 |a DE-21 | ||
| LOK | |0 852 1 |c KB 7 E 584 |9 00 | ||
| LOK | |0 935 |a krim | ||
| LOK | |0 936ln |a k1 | ||
| LOK | |0 939 |a 10-07-90 |b l01 | ||
| ORI | |a SA-MARC-krimdoka001.raw | ||
| SIG | |a UB: KB 7 E 584 | ||
